| 000 | 00589nam a22001937a 4500 | ||
|---|---|---|---|
| 005 | 20260428124610.0 | ||
| 008 | 260428b |||||||| |||| 00| 0 eng d | ||
| 020 | _a978-1-29204-186-5 | ||
| 050 | _aHV 40 .M55 2014 | ||
| 100 | _aMILEY, KARLA. | ||
| 245 | _aGENERALIST SOCIAL WORK PRACTICE . AN EMPOWERING APPROACH. | ||
| 250 | _a7TH | ||
| 260 |
_aEDINBURG GATE, _bPEARSON EDUCATION LIMITED, _c2014 |
||
| 300 | _a492 P, ILL | ||
| 500 | _aINCLUDES INDEX. | ||
| 650 | _a1. SOCIAL SERVICE. 2, SOCIAL WORKERS- PROFESSIONAL PRACTICE. | ||
| 700 | _aMICHAEL. O'MELIA | ||
| 942 |
_2lcc _cBK |
||
| 999 |
_c217062 _d217062 |
||